000 00850nas a2200277 4500
001 BR0600203
003 BR-BrBNA
005 20231205105757.0
007 ta
008 230509b bl.|||p| |||| 00| 00por d
040 _aBR-BrBNA
_bpor
_cBiblioteca Nacional de Agricultura
041 _a(Pt)
072 _aL53
100 1 _aCiarlini, L. del R.P.
100 1 _aMuniz, L.M.R.
100 1 _aCiarlini, P.C.
245 1 _aNíveis séricos de estradiol em ovelhas das raças Suffolk e Ideal no final da gestação, durante a lactação e após o desmame
650 _aOVELHA
650 _aRAÇA
650 _aLACTAÇÃO
650 _aGESTAÇÃO
650 _aESTRADIOL
773 0 _tVeterinária Notícias (Brazil)
_xISSN 0104-3463
_g(2005), v. 11(1) p. 69-73
_wBR0600203
909 _a202311
_bLúcia
_c55
_dLúcia Elande
942 _2AGRIS
_n0
_cANA
999 _c184629
_d184629